[Event "BdF-Smaragd 05 email"]
[Site "GER email"]
[Date "2014.06.25"]
[Round "?"]
[White "Byrne, Veronica"]
[Black "Moeckel, Jean L"]
[Result "1-0"]
[WhiteElo "1634"]
[BlackElo "1661"]
[PlyCount "73"]
[EventDate "2014.??.??"]
[EventType "tourn (corr)"]
[EventRounds "14"]
[EventCountry "GER"]
[SourceTitle "Corr 2017"]
[Source "ChessBase"]
[SourceDate "2017.09.19"]
[SourceVersion "1"]
[SourceVersionDate "2017.09.19"]
[SourceQuality "1"]

1. d4 d5 2. e3 e6 3. Nc3 c5 4. Nf3 Nc6 5. Ne5 Bd7 6. Nxf7 Kxf7 7. Qf3+ Qf6 8. Qxf6+ Kxf6 9. h4 Rc8 10. h5 c4 11. e4 h6 12. Bf4 e5 13. Nxd5+ Ke6 14. Bxc4 exf4 15. Nxf4+ Ke7 16. Ng6+ Kd8 17. Nxh8 Nxd4 18. Bb3 Kc7 19. a3 Ne7 20. Nf7 Re8 21. Rc1 Bc6 22. f3 Nd5 23. c3 Nf6 24. cxd4 Kb8 25. d5 Bd7 26. Rd1 Bc8 27. Ba4 Re7 28. Nd6 Rc7 29. Nxc8 Kxc8 30. d6 Rc4 31. d7+ Kd8 32. b3 Rc5 33. g4 a6 34. Rh2 b5 35. b4 Rc2 36. Rxc2 Nxd7 37. Bb3 1-0

[Event "BdF-Smaragd 05 email"]
[Site "GER email"]
[Date "2014.06.25"]
[Round "?"]
[White "Schramm, Leonore"]
[Black "Moeckel, Jean L"]
[Result "1/2-1/2"]
[WhiteElo "1778"]
[BlackElo "1661"]
[PlyCount "99"]
[EventDate "2014.??.??"]
[EventType "tourn (corr)"]
[EventRounds "14"]
[EventCountry "GER"]
[SourceTitle "Corr 2017"]
[Source "ChessBase"]
[SourceDate "2017.09.19"]
[SourceVersion "1"]
[SourceVersionDate "2017.09.19"]
[SourceQuality "1"]

1. Nf3 Nc6 2. e4 e5 3. d4 exd4 4. Nxd4 Nf6 5. Nxc6 bxc6 6. e5 Qe7 7. Qe2 Nd5 8. Bd2 h6 9. Nc3 Rb8 10. Nxd5 cxd5 11. 0-0-0 Qe6 12. Kb1 Be7 13. c4 Qf5+ 14. Qd3 Qxf2 15. cxd5 0-0 16. Be2 d6 17. e6 Qh4 18. g3 Qa4 19. b3 Bf6 20. Rhf1 fxe6 21. Rxf6 Rxf6 22. Rf1 Rf8 23. Rxf8+ Kxf8 24. Bh5 Ke7 25. Qf3 Bd7 26. Qf7+ Kd8 27. Qg8+ Ke7 28. Qxg7+ Kd8 29. Qf8+ Be8 30. Qf6+ Kc8 31. Qxe6+ Kd8 32. Bg4 Qd7 33. Bxh6 Qxe6 34. dxe6 Bg6+ 35. Kb2 Ke8 36. h4 Rb4 37. Bf4 Re4 38. h5 Bh7 39. h6 a5 40. Kc3 Kf8 41. Bh3 Ke8 42. Bg5 Bg6 43. e7 Re5 44. Bh4 Rc5+ 45. Kd4 Rh5 46. Bg4 Rxh6 47. Kd5 Bb1 48. Kc6 Rxh4 49. gxh4 Bxa2 50. Bd1 1/2-1/2

[Event "LSS OP-2009-0-01031"]
[Site "LSS email"]
[Date "2009.12.27"]
[Round "?"]
[White "Moeckel, Jean L"]
[Black "Fuller, Christopher"]
[Result "0-1"]
[WhiteElo "1356"]
[BlackElo "926"]
[PlyCount "52"]
[EventDate "2009.12.19"]
[EventType "tourn (corr)"]
[EventRounds "4"]
[EventCountry "GER"]
[SourceTitle "Corr 2013"]
[Source "ChessBase"]
[SourceDate "2012.11.12"]
[SourceVersion "1"]
[SourceVersionDate "2012.11.12"]
[SourceQuality "1"]

1. Nf3 d5 2. c4 Nf6 3. cxd5 Nxd5 4. d4 g6 5. e4 Nb6 6. Nc3 Bd7 7. Be2 Bg7 8. 0-0 0-0 9. h3 c6 10. Be3 a6 11. Qb3 Qc7 12. a3 a5 13. e5 Be6 14. Qd1 a4 15. Bd3 f6 16. Bc2 N8d7 17. exf6 exf6 18. Nxa4 Nxa4 19. Bxa4 Nb6 20. Bb3 Rfe8 21. Qc2 Nd5 22. Bd2 b5 23. Rfe1 g5 24. Rxe6 Rxe6 25. Bxd5 Qf7 26. Bb4 cxd5 0-1

[Event "LSS OP-2009-0-00814"]
[Site "LSS email"]
[Date "2009.04.15"]
[Round "?"]
[White "Moeckel, Jean L"]
[Black "Jokmin, Alex"]
[Result "1-0"]
[WhiteElo "1380"]
[BlackElo "1172"]
[PlyCount "41"]
[EventDate "2009.04.12"]
[EventType "tourn (corr)"]
[EventRounds "4"]
[EventCountry "GER"]
[SourceTitle "Corr 2011"]
[Source "ChessBase"]
[SourceDate "2010.08.31"]
[SourceVersion "1"]
[SourceVersionDate "2010.08.31"]
[SourceQuality "1"]

1. e4 c5 2. Nf3 Nc6 3. Nc3 b6 4. Bb5 Bb7 5. 0-0 g6 6. d4 cxd4 7. Nxd4 Bg7 8. Nf3 e6 9. Bg5 Nge7 10. Re1 0-0 11. Qd2 Qc7 12. Ba4 Rad8 13. Nb5 Qb8 14. Nd6 f6 15. Bf4 e5 16. Bb3+ Kh8 17. Bg3 Nd4 18. Nf7+ Rxf7 19. Bxf7 d5 20. Nxd4 dxe4 21. Qb4 1-0